[Event "ROM-ch"]
[Site "Bucharest"]
[Date "1998.12.10"]
[Round "3"]
[White "Itkis, Boris"]
[Black "Negulescu, Adrian"]
[Result "1-0"]
[WhiteElo "2465"]
[BlackElo "2465"]
[Annotator "Tsesarsky,I"]
[PlyCount "53"]
[EventDate "1998.12.08"]
[EventType "tourn"]
[EventRounds "15"]
[EventCountry "ROU"]
[EventCategory "9"]
[SourceTitle "CBM 069"]
[Source "ChessBase"]
[SourceDate "1999.04.01"]
[SourceVersion "1"]
[SourceVersionDate "1999.04.01"]
[SourceQuality "1"]

{[%mdl 16416]} 1. d4 d5 2. c4 e6 3. Nc3 Nf6 4. Nf3 Be7 5. Bg5 Nbd7 6. e3 c6 7.
Qc2 a6 8. cxd5 (8. Rd1 {-Theory}) 8... cxd5 (8... exd5 9. Bd3 h6 (9... Bd6 10.
g4 (10. O-O $14) (10. O-O-O $5 $14) 10... Qc7 11. h3 $14 (11. Bh4 h6 12. O-O-O
g5 13. Bg3 Nxg4 $15 {1-0 Crombleholme,A-Marshall,I/cr-BPCF op sf 1986 (29)})) (
9... Nf8 10. Ne5 Ne6 11. Bh4 Nd7 12. Bxe7 Qxe7 13. Nxd7 Bxd7 14. O-O g6 15. b4
O-O 16. Rab1 b5 17. a4 $14 {1-0 Leveille,F-Fraser,M/Quebec inv 1989 (33)}) 10.
Bf4 O-O (10... b5 11. h3 Bb7 12. Rd1 c5 13. dxc5 Nxc5 14. O-O $14 {1-0 Kret,
T-Frilles,R/Closed, Toronto CAN 1997 (37)}) 11. h3 Re8 12. O-O Nf8 13. Rab1 $14
(13. Bh2 Bd6 14. Ne5 N6d7 15. f4 f6 $17 {1-0 Tartakover,S-Romih,M/Spa 1926 (42)
})) (8... Nxd5 9. Bxe7 Qxe7 10. Be2 (10. Bc4 Nxc3 11. Qxc3 O-O 12. O-O c5 $14 (
12... b5 $6 13. Be2 c5 14. dxc5 Nxc5 $14 (14... Qxc5 $2 $16 15. Qxc5 Nxc5 16.
Rac1 Na4 17. Rc7 (17. b3 Nb6 18. Rfd1 $14) 17... Rb8 (17... Nxb2 18. Ne5 $16 {
[%csl Ra8][%cal Ye2f3]}) 18. Ne5 Bb7 (18... Rb7 19. Rfc1 Rxc7 20. Rxc7 Nxb2 21.
Nc6 $18) 19. Nd7 $18 {1-0 Ojanen,K-Pastuhoff,O/Suomenmestaruus Helsinki 1957 
(22)}))) 10... O-O 11. O-O Rd8 12. Rfd1 Nxc3 13. Qxc3 c5 14. Rac1 cxd4 15. Nxd4
Nf6 16. Qa5 Nd5 17. e4 Nf4 18. Bf1 $14 (18. Rc7 $4 Nxe2+ (18... Qd6 $4 19. Bf3
b6 20. Qc3 Qe5 21. Nf5 $1 (21. Rc1 $4 $14 {1/2-1/2 Gomez,E-Nicolas/Madrid 1943
(68)}) 21... Rxd1+ 22. Bxd1 Qxc3 23. Ne7+ Kf8 24. bxc3 $18) 19. Kf1 Qh4 20. g3
Nxg3+ 21. fxg3 Qf6+ 22. Kg1 Rxd4 $19)) 9. Bd3 b5 10. O-O Bb7 11. Rfc1 O-O 12.
a4 $6 $11 {White has Advantage because Bd3 is better than Bb7, development and
maybe line "c".} (12. a3 $14) (12. Qb3 $5 $14) 12... b4 (12... bxa4 13. Qxa4
$14) 13. Na2 Rc8 14. Qe2 Qa5 15. Ne5 ({after} 15. b3 {[%csl Ra2] Na2 can't go
to b3...}) 15... Bd6 16. f4 (16. Bf4 Be7 $11) 16... Rc7 $2 $16 {This bad move
gives to White line "c" and advantage} (16... Qxa4 $5 17. Nc3 Qxa1 18. Rxa1
bxc3 19. bxc3 Rxc3 20. Qb2 Rc7 21. Bxf6 (21. Qb1 h6 22. Bxf6 Nxf6 23. Qb6 Rd8
24. h3 $14) 21... Nxf6 22. Qb6 Rd8 23. h3 $14) (16... Rxc1+ $1 17. Nxc1 (17.
Rxc1 Qxa4 $17) 17... Rc8 18. Nb3 Qb6 19. a5 Qa7 $11) 17. Rxc7 Bxc7 18. Nxd7
Nxd7 19. Be7 {[%csl Rb4,Rf8]} Re8 20. Bxb4 Qxa4 21. Bc2 {[%csl Ra4]} (21. b3 $5
Qc6 (21... Qxb3 22. Rc1 $1 Rc8 23. Bc2 $1 $18 {[%csl Rb3][%cal Gc2h7]}) 22. Rc1
Qb6 23. Bxh7+ (23. Qc2 Rc8 24. Bc5 Nxc5 25. dxc5 Qc6 26. Bxh7+ Kf8 27. Bd3 $16)
23... Kxh7 24. Qc2+ Kg8 25. Qxc7 Qb5 26. Qc2 Rc8 27. Bc5 $16) 21... Qc6 $2 $18
(21... Qb5 $142 22. Qxb5 (22. Bxh7+ Kxh7 23. Qc2+ Kg8 24. Qxc7 Rc8 25. Qa5 Qe2
26. Re1 Qxb2 27. Bc3 Qc2 $132) 22... axb5 23. Nc3 Bc6 24. Bd3 Rb8 25. Ra7 Bb6
26. Ra6 Bb7 27. Ra1 $16 {[%csl Rb5]}) 22. Rc1 Qb6 23. Ba4 (23. Bxh7+ Kxh7 24.
Qc2+ Kg8 25. Qxc7 Qb5 26. Qc2 $16) 23... Rd8 (23... Bc8 24. Qc2 $18 {[%csl Rc7,
Rc8]}) 24. Be7 Re8 25. Bc5 Nxc5 26. dxc5 Qa5 27. Qc2 $1 {[%csl Ra5,Re8][%cal
Gb2b4]} 1-0

[Event "Rubinstein Memorial 34th"]
[Site "Polanica Zdroj"]
[Date "1997.08.21"]
[Round "3"]
[White "Aleksandrov, Aleksej"]
[Black "Malaniuk, Vladimir P"]
[Result "1/2-1/2"]
[WhiteElo "2660"]
[BlackElo "2615"]
[Annotator "Tsesarsky,I"]
[PlyCount "90"]
[EventDate "1997.08.19"]
[EventType "tourn"]
[EventRounds "11"]
[EventCountry "POL"]
[EventCategory "16"]
[SourceTitle "CBM 061"]
[Source "ChessBase"]
[SourceDate "1997.11.23"]
[SourceVersion "1"]
[SourceVersionDate "1997.11.23"]
[SourceQuality "1"]

1. d4 Nf6 2. c4 e6 3. Nc3 d5 4. Nf3 Be7 5. Bg5 Nbd7 6. e3 c6 7. Bd3 O-O 8. O-O
b6 9. Rc1 (9. Qe2 Bb7 10. Rfd1 (10. Rad1 dxc4 11. Bxc4 Nd5 12. Bxe7 Qxe7 13. e4
Nxc3 14. bxc3 c5 15. Rfe1 cxd4 16. cxd4 Rac8 17. Bd3 Rfd8 18. Qd2 (18. h4 $5)
18... Qa3 $132 {Adams,M-Tiviakov,S/Wijk op 1995/CBM 46/0-1 (105)}) 10... dxc4
11. Bxc4 Nd5 12. Ne4 $5 Bxg5 13. Nexg5 h6 14. Ne4 Qe7 15. Rac1 Rfc8 16. Ne5 (
16. Ng3 $5 c5 17. e4 Nf4 18. Qe3 Qf6 19. dxc5 Nxc5 20. b4 Na4 21. Qb3 Nb2 22.
e5 Nh3+ 23. Kf1 Qf4 24. Ne2 Qf5 25. Qxb2 Bxf3 26. gxh3 Qxh3+ 27. Ke1 Qxh2 28.
Qd4 $14) 16... a5 17. Qh5 N7f6 18. Nxf6+ Nxf6 19. Qh4 $11 {1-0 Rustemov,
A-Tiviakov,S/RUS-ch Elista 1996 (39)} Rc7 $11 {[%cal Gc6c5]} (19... Qd6 $11 {
[%cal Gc6c5]}) (19... c5 20. dxc5 Rxc5 (20... Qxc5 21. Nxf7 $1 $16) 21. Rd7 $1
$16)) 9... Bb7 10. Qe2 (10. Qd2 h6 11. Bh4 Nh7 $6 (11... dxc4 12. Bxc4 Nd5 13.
Bxe7 Qxe7 14. e4 Nxc3 15. bxc3 c5 $132) 12. Bg3 f5 13. cxd5 exd5 (13... cxd5
14. Nb5 $16) 14. Qc2 g6 15. Ne2 Ng5 16. Nf4 (16. Nxg5 hxg5 (16... Bxg5 17. Nf4
Qf6 18. Nh3 $14) 17. Rfd1 $14) 16... Nxf3+ 17. gxf3 Rf6 18. e4 $14 {1-0
Gervais,C-Itaas,S/Erevan olw 1996/EXT 96ch2 (33)}) (10. h3 Rc8 11. b3 Bd6 12.
cxd5 exd5 13. Re1 a6 14. Qe2 h6 15. Bh4 $14 {1-0 Callychurn,J-Craggs,M/Dubai
olm 1986/TD 86\02 (42)}) (10. cxd5 exd5 11. Bf5 Re8 12. Qc2 g6 13. Bh3 Ne4 14.
Bxe7 (14. Nxe4 dxe4 15. Bxe7 Qxe7 16. Nd2 (16. Bxd7 Qxd7 17. Ne5 Qe6 18. b4 (
18. Nxc6 $2 Rac8 $19) 18... Rac8 $132) 16... f5 $132) 14... Qxe7 15. Bxd7 Qxd7
16. Ne5 Qe6 17. Nxe4 dxe4 18. Nc4 Qd5 $11 {Luik,H-Vester/Lyngby op 1988/TD
88\05/1/2-1/2 (44)}) 10... c5 11. cxd5 Nxd5 12. Bxe7 Nxc3 $4 (12... Qxe7 13.
Rfd1 Nxc3 14. bxc3 Rac8 15. e4 Rfd8 $132) (12... Nxe7 13. Ne4 cxd4 14. Nxd4 e5
15. Nb5 Bc6 16. Nbd6 $14) 13. Bxh7+ $1 $18 Kh8 (13... Kxh7 14. Qd3+ (14. Qc2+
Be4 15. Ng5+ Kg8 16. Nxe4 Qxe7 17. Qxc3 $18 (17. bxc3 $18)) 14... Be4 15. Ng5+
Kg8 16. Nxe4 Qxe7 17. bxc3 $18 (17. Qxc3 $18)) 14. Rxc3 $8 Qxe7 $8 15. Bb1 $6 (
15. Bc2 $1 Rfd8 (15... g6 16. e4 $18) 16. Ne5 $18) 15... g6 16. e4 Kg7 17. Rfc1
(17. h4 $5) 17... Rac8 18. dxc5 (18. Bd3 Rh8 19. Ba6 $18) 18... Nxc5 19. h4 $6
(19. b4 Nd7 20. Rxc8 (20. a3 Rxc3 21. Rxc3 Nf6 22. Bc2 Rd8 23. Ne1 e5 24. f3
Nh5 25. Qe3 Nf4 26. Nd3 $16) 20... Rxc8 21. Rxc8 Bxc8 22. Qc4 Bb7 23. Bc2 Nf6
24. Kf1 $18) 19... a5 $16 20. h5 $5 (20. a3 $5 e5 (20... a4 21. Qb5 Qd6 22. e5
Qd8 23. g3 Rh8 24. Qe2 $18) 21. b4 axb4 22. axb4 Nd7 23. Rxc8 Rxc8 24. Rxc8
Bxc8 25. Qc4 Bb7 26. Qc7 Ba6 27. Nxe5 Qxe5 (27... Qxb4 28. Nxd7 Qxb1+ 29. Kh2
$18) 28. Qxd7 Qb2 29. Bd3 Bxd3 30. Qxd3 Qxb4 31. Kf1 $16) 20... e5 $1 (20...
gxh5 21. Ne5 Qh4 22. Rg3+ Kf6 23. Rh3 Qg5 24. f4 Qg7 25. b4 $1 $18) 21. hxg6
fxg6 22. Qe3 (22. a3 $5) 22... Rh8 23. Qg5 Qxg5 24. Nxg5 Kf6 25. Nf3 Rc7 26.
Nh2 $4 (26. Ne1 Rch7 27. f3 $16) 26... Rch7 $132 27. Ng4+ Kg5 28. f3 Bxe4 29.
Kf2 (29. Rxc5 $2 bxc5 30. Bxe4 Rh1+ $19) 29... Bxb1 30. Rxb1 e4 31. Kg3 (31.
Rd1 Rf7 32. Rd5+ Rf5 33. Ne3 Rxd5 34. Nxd5 exf3 35. Kxf3 Rf8+ $11) 31... exf3
$2 (31... Rd8 32. Re1 Re7 $11) 32. Re1 $1 Rf8 (32... Nd7 33. Rd1 Rf8 34. gxf3
$16 {[%csl Rg5]}) 33. gxf3 Rf5 34. Re2 $2 (34. Ne3 $1 Rff7 (34... Re7 35. Rh1
Rff7 36. Nd5 $16) 35. Nd5 {[%csl Rb6][%cal Gf3f4]} Nd7 36. Rc6 b5 37. f4+ Kh6
$8 38. Rh1+ Kg7 39. Rxh7+ Kxh7 40. Ra6 a4 41. Ra5 $16) 34... Rd7 $11 35. b3 (
35. Ne5 Rd4 36. Nc4 Na4 $11) 35... Rd3 36. Rxd3 Nxd3 37. Re3 (37. Re4 b5 38. a3
$11 (38. a4 $6 b4 39. Ne3 Rc5 40. Rc4 (40. f4+ Kf6 41. Nc4 Nc1 42. Re3 Nxb3 43.
Nb6 (43. Ne5 Rc3 $19) (43. Nd6 Rd5 44. Ne8+ Kf7 45. Nc7 Rd7 $19) 43... Kg7 $3
44. Rxb3 Rc3+ 45. Rxc3 bxc3 $19) 40... Kf6 41. f4 $11)) 37... Nf4 38. a4 (38.
Ne5 $11) 38... Rc5 39. Re4 Nh5+ 40. Kf2 Nf6 41. Nxf6 Kxf6 42. b4 Rc2+ 43. Ke3
Rc3+ 44. Ke2 Ra3 45. bxa5 bxa5 1/2-1/2

[Event "Katrineholm"]
[Site "Katrineholm"]
[Date "1999.05.14"]
[Round "4"]
[White "Ibragimov, Ildar"]
[Black "Lutz, Christopher"]
[Result "1/2-1/2"]
[WhiteElo "2602"]
[BlackElo "2610"]
[Annotator "Tsesarsky,I"]
[PlyCount "53"]
[EventDate "1999.05.??"]
[EventType "tourn"]
[EventRounds "9"]
[EventCountry "SWE"]
[EventCategory "12"]
[SourceTitle "CBM 071"]
[Source "ChessBase"]
[SourceDate "1999.08.01"]
[SourceVersion "1"]
[SourceVersionDate "1999.08.01"]
[SourceQuality "1"]

{[%mdl 16384]} 1. Nf3 Nf6 2. c4 e6 3. Nc3 (3. d4 Bb4+ 4. Bd2 Be7 5. Nc3 d5 6.
Bg5 O-O 7. Qc2 h6 (7... Ne4 8. Bxe7 Qxe7 9. g3 Nxc3 10. Qxc3 c6 11. Bg2) 8.
Bxf6 Bxf6 9. Rd1 c5 10. dxc5 Qa5 11. cxd5 exd5 12. Qd2 (12. Rxd5 Be6 (12... Na6
13. Rd2 Be6 14. Ne4 Be7 15. e3 Nxc5 16. Nxc5 Bxc5 17. a3 Bb6 18. Be2 Rac8 19.
Qd1 (19. Qb1 Rfd8) 19... Rfd8 20. h3 (20. O-O Rxd2 21. Qxd2 Qxd2 22. Nxd2 Rc2
23. Rd1 Rxb2 $17) 20... Bd5 $1 21. Rg1 (21. O-O Bxf3 $19) (21. b4 Qxa3 22. Rxd5
Rxd5 23. Qxd5 Rd8 $19) 21... Be4 22. Nd4 Bxd4 23. b4 Qxa3 24. Rxd4 Rf8 $3 $19 {
[%csl Rd1][%cal Gc8c1]}) 13. Rd2 Na6) 12... Be6 13. Nxd5 Qxd2+ 14. Rxd2 Bxd5
15. Rxd5 Bxb2 16. e3 Bc3+ 17. Kd1 Nc6 18. Bc4 Na5 19. Rd3 Bb4 20. Bd5 Rac8 21.
Ne5 Rc7 22. Ke2 Bxc5 $11 {1/2-1/2 Mikhalchishin,A-Yusupov,A/URS-FL Ashkhabad
1978/[MClas 03] (27)}) 3... d5 4. d4 Be7 5. Qc2 O-O 6. Bg5 h6 7. Bxf6 Bxf6 8.
Rd1 c5 9. dxc5 (9. cxd5 cxd4 10. Nxd4 exd5 11. e3 Nc6 12. Be2 Nxd4 13. exd4 Be6
14. Qb3 Qd6 15. O-O $11 {0-1 Bosboom Manuel-Van Der Sterren Paul/Ch
Netherlands (team) 1995 (39)}) 9... Qa5 10. e3 (10. cxd5 exd5 11. Qd2 (11. Rxd5
Na6 12. a3 Be6 13. Rd2 Nxc5 14. Nd4 Rfd8 15. e3 Bxd4 16. Rxd4 Rxd4 17. exd4 Nb3
18. Qe4 Rc8 $44 {[%cal Gc8c3]}) 11... Bxc3 12. Qxc3 Qxc3+ 13. bxc3 Be6 (13...
Na6 14. e3 Nxc5 15. Rxd5 b6 (15... Ne4 16. c4 Be6 17. Rd4 $16) 16. Rd4 (16. c4
Bb7 (16... Ba6 17. Be2 Rac8 18. O-O $16) 17. Rd4 Rfd8 18. Be2 Ne6 19. Rxd8+
Rxd8 20. O-O Bxf3 21. Bxf3 Rd2 22. Ra1 Rc2 23. Bd5 Nc5 $44) 16... Bb7 (16...
Be6 17. c4 $16 (17. Bc4 Rfc8 $14)) 17. Bc4 Rac8 18. Ne5 (18. O-O Bxf3 (18...
Ne4 19. Ne5 (19. Rc1 b5 20. Bb3 Nxc3 $132) 19... Rc7 20. Rc1 b5 21. f3 bxc4 22.
fxe4 $16) 19. gxf3 Ne6 20. Rh4 $14) 18... Bxg2 19. Rg1 $132 {1/2-1/2 San
Segundo,P-van der Sterren,P/Linares (zt) 1995/Inf 65/ (41)}) 14. Nd4 Rc8 (14...
Na6 15. c6 $16 (15. Nxe6 $2 fxe6 16. c4 Nxc5 (16... dxc4 17. e3 Nxc5 18. Bxc4
Rac8 $132) 17. cxd5 Rad8 $1 $132)) 15. e4 dxe4 16. Nxe6 fxe6 17. Bc4 Kf7 18.
Rd4 Na6 (18... Rxc5 19. Rxe4 Rc6 20. f4 Kf6 21. O-O Nd7 22. g4 (22. Bb5 Rd6 $11
) 22... Nc5 {1/2-1/2 Li Wenliang-Liang Jinrong/Cup Lee, Beijing (China) 1996 
(22)}) 19. Bxa6 bxa6 20. Kd2 Rab8 21. Rc1 Rxc5 22. Rxe4 $11 {1/2-1/2
Romanishin,O-Beliavsky,A/Leningrad 1977/Inf 24 (39)}) 10... dxc4 11. Bxc4 Bxc3+
(11... Qxc5 12. Ne4 (12. Nd2 Be7 13. Nce4 Qf5 14. O-O Nc6 $11) 12... Qb4+ 13.
Rd2 Bxb2 14. O-O Ba3 15. Nd6 Qa5 16. Bb3 (16. Rfd1 Bb4 17. Nxf7 (17. Rd3 Nc6
$15) 17... Kxf7 18. Rd5 Qc7 (18... exd5 19. Rxd5 Qb6 $1 20. Ne5+ (20. Rd6+ Ke7
21. Rxb6 axb6 22. Qb2 Nc6 23. Qxg7+ Kd8 24. Qxh6 $132) 20... Ke7 21. Ng6+ Ke8
22. Qe4+ Be6 23. Nxf8 Bxf8 24. Rd1 Qc6 25. Bb5 Qxb5 26. Qxe6+ Be7 27. Qg8+ Bf8
28. Qe6+ $11) 19. Rd7+ Qxd7 20. Ne5+ Kg8 21. Nxd7 Bxd7 22. Rxd7 (22. Qb3 a5 23.
Rxd7 Nxd7 24. Bxe6+ Kh8 25. Bxd7 Rad8 26. Bg4 Rd2 27. Bf3 (27. f4 Rfd8 $132)
27... Rc8 28. g4 Rf8 29. Kg2 b6 30. Qe6 (30. a4 $11) 30... Rd6 31. Qe5 (31. Qd5
$4 {0-1 Romanishin,O-Stojanovic,M/Ubeda 1997 (31)}) 31... Rdf6 $17) 22... Nxd7
23. Bxe6+ Kh8 24. Bxd7 Rfd8 25. Qa4 Bc5 26. Kf1 $14) 16... Bxd6 17. Rxd6 Nc6
18. Rfd1 $44) 12. bxc3 Qxc5 (12... Nd7 13. O-O (13. c6 bxc6 14. Nd4 (14. O-O
Rb8 $11) 14... Ne5 15. Be2 Ba6 16. Bxa6 Qxa6 17. Qe4 Nc4 18. Nxc6 Qxa2 19. Ne5
Nxe5 20. Qxe5 Qc4 21. Qd4 Rfc8 22. Qxc4 Rxc4 23. Kd2 $11) 13... Nxc5 $132) 13.
Qe4 Nd7 (13... Qc6 $11) (13... Nc6 14. O-O b5 (14... Kh8 15. Bd3 f5 16. Qc4
Qxc4 17. Bxc4 e5 18. Bd5 e4 19. Bxc6 bxc6 20. Ne5 $16) 15. Bb3 Rb8 $132) 14.
O-O Qc7 15. Rd2 (15. Bd3 Nf6 16. Qe5 Qxe5 17. Nxe5 Nd5 18. c4 Nb6 19. Rd2 f6
20. Ng6 Rd8 21. Rfd1 Kf7 22. Nf4 Bd7 23. c5 Na4 24. Bb5 Bxb5 (24... Nxc5 25.
Bxd7 $18) 25. Rxd8 Rxd8 26. Rxd8 Nxc5 $16) 15... Nf6 16. Qf4 {White attempt to
use his advantage of development, but unsuccessfully.} (16. Qd4 Bd7 17. Rfd1
Rfc8 18. Bb3 Bb5 $11) 16... Qxf4 17. exf4 b6 (17... Bd7 18. Ne5 Rfc8 19. f5 Rc5
(19... exf5 $2 20. Bxf7+ Kf8 21. Bd5 $1 Rc7 (21... Rxc3 22. Bxb7 Rd8 23. Bc6
$18) 22. Ng6+ Ke8 23. Re1+ Kd8 24. Nf8 $1 $18) 20. f4 (20. Re1 Re8 21. Nxd7 (
21. Bb3 Bc8 $132) 21... Rxc4 22. Nxf6+ gxf6 23. Rd7 b5 24. Rxa7 Rxc3 $11) 20...
Re8 21. Rfd1 b5 22. Bb3 Bc8 23. c4 (23. Rd8 Rxc3 24. Rxe8+ Nxe8 25. Rd8 Kf8 26.
Nxf7 $1 Kxf7 27. Rxc8 Rxc8 28. Bxe6+ Kf6 29. Bxc8 Nd6 30. Bd7 h5 31. Kf2 b4 32.
Kf3 a5 (32... Nxf5 33. Ke4 Nd6+ 34. Kd5 Ke7 35. Ba4 $14) 33. h3 Nxf5 34. g4
hxg4+ 35. hxg4 b3 36. axb3 Nd4+ 37. Ke4 Nxb3 $11) 23... bxc4 24. Bxc4 Ng4 25.
Rd8 (25. Bxe6 Nxe5 26. Rd8 Kf8 27. Rxc8 Rexc8 28. Bxc8 Nc4 29. Ba6 Ne3 $132)
25... Kf8 26. Nxg4 Rxc4 27. f6 gxf6 28. Rxe8+ Kxe8 29. Nxf6+ Ke7 30. Ng8+ Kf8
31. Nxh6 Kg7 32. Ng4 Rxf4 $15) 18. Ne5 (18. Rfd1 Bb7 19. Ne5 Rac8 $11 (19...
Nd5 20. Bxd5 Bxd5 21. c4 Bb7 22. Rd7 $14)) 18... Bb7 (18... Ne4 19. Rd3 Bb7 20.
Rfd1 Rac8 21. f3 Nc5 $11) 19. f5 $2 $17 exf5 20. Rfd1 Rac8 21. Bb3 $2 $19 (21.
f4 Rc7 $17) 21... Rxc3 22. f3 (22. Nxf7 Rxb3 23. Nd6 Ra3 24. Nxb7 Ne4 $17)
22... Rc5 $4 $11 (22... Rc7 $19) 23. Nd7 (23. Nxf7 Kh7 (23... Rxf7 24. Rd8+ Kh7
25. Bxf7 $16) 24. Nd6 Bc6 $17) 23... Nxd7 24. Rxd7 Ba6 (24... Bc6 25. Rxa7 $11)
25. R1d4 (25. Rxa7 Bc4 26. Bxc4 Rxc4 27. Rd6 $44) 25... Bc8 26. Rxa7 Rc6 27.
Rxf7 1/2-1/2

[Event "Lloyds Bank Open-09"]
[Site "London"]
[Date "1985.??.??"]
[Round "?"]
[White "Bradbury, Neil H"]
[Black "Wells, Peter K"]
[Result "0-1"]
[WhiteElo "2345"]
[BlackElo "2365"]
[Annotator "Tsesarsky,I"]
[PlyCount "78"]
[EventDate "1985.08.??"]
[EventType "swiss"]
[EventRounds "9"]
[EventCountry "ENG"]
[SourceTitle "MCL"]
[Source "ChessBase"]
[SourceDate "1999.07.01"]
[SourceVersion "1"]
[SourceVersionDate "1999.07.01"]
[SourceQuality "1"]

1. d4 Nf6 2. c4 e6 3. Nf3 d5 4. Nc3 Be7 5. Bg5 h6 6. Bxf6 Bxf6 7. Qc2 dxc4 8.
O-O-O a6 9. e4 b5 10. e5 Bg5+ 11. Kb1 Bb7 12. h4 Be7 13. Rh3 O-O (13... Nc6 $17
) 14. Ne4 Nc6 (14... Qd5 15. Neg5 hxg5 16. Nxg5 Bxg5 17. hxg5 Qe4 $19) 15. a3 (
15. Neg5 hxg5 16. Nxg5 Bxg5 17. hxg5 g6 18. Bxc4 Kg7 19. Rdh1 Rg8 $19) 15... b4
16. Bxc4 bxa3 17. Neg5 Bxg5 18. Nxg5 hxg5 19. hxg5 Re8 20. Rdh1 Kf8 21. Qb3 (
21. Bxa6 $3 Qxd4 (21... Rxa6 $2 22. Qc5+ $1) 22. Bxb7 Reb8 23. Rb3 $1 $18 (23.
Rxa3 $2 Rxa3 24. Rh8+ Ke7 25. Rxb8 Qb4 26. Ra8 Qe1+ 27. Qc1 Qe4+ 28. Qc2 Qe1+
$11)) 21... Ke7 22. Rd1 (22. Qxb7 $132) 22... a5 $2 (22... Rb8 $19) 23. Qxb7
Nxe5 24. Rc3 Rb8 25. Qa7 Rxb2+ 26. Ka1 Nc6 27. Qc5+ Qd6 28. Bb5 Qxc5 29. Rxc5
Nb4 30. Bxe8 Kxe8 31. Rdc1 Nd3 32. Rxc7 Nxc1 33. Rxc1 Rxf2 34. Rc5 Rxg2 35.
Rxa5 a2 36. d5 Rxg5 37. Ra8+ Ke7 38. dxe6 Kxe6 39. Kxa2 Rb5 0-1